| 000 | 00503nam a2200169Ia 4500 | ||
|---|---|---|---|
| 003 | IN-BaIIA | ||
| 008 | 211028s9999 xx s 000 0 eng d | ||
| 020 | _a9780819413772 (Print) | ||
| 020 | _a9780819480996 (Online) | ||
| 040 | _cIIA Library | ||
| 100 |
_aGeary, Joseph M. _929919 |
||
| 245 | 0 |
_aIntroduction to Optical Testing _h[eBook] |
|
| 260 |
_aWashington, USA _bSPIE _c1993 |
||
| 300 | _aOnline resource | ||
| 856 |
_uhttps://doi.org/10.1117/3.147225 _yClick Here to Access eBook |
||
| 942 | _cEB | ||
| 999 |
_c22312 _d22312 |
||